[Event "POL-chT U19 2nd League"]
[Site "Iwonicz"]
[Date "2015.08.01"]
[Round "1.75"]
[White "Leskiewicz, Ignacy"]
[Black "Slonina, Adam"]
[Result "1-0"]
[WhiteElo "1689"]
[BlackElo "1295"]
[PlyCount "23"]
[EventDate "2015.07.25"]
[EventType "team-swiss"]
[EventRounds "11"]
[EventCountry "POL"]
[SourceTitle "EXT 2019"]
[Source "ChessBase"]
[SourceDate "2018.10.10"]
[SourceVersion "1"]
[SourceVersionDate "2018.10.10"]
[SourceQuality "1"]
[WhiteTeam "Konin UKS Smecz U19"]
[BlackTeam "Wielun UKS Piatka U19"]
[WhiteTeamCountry "POL"]
[BlackTeamCountry "POL"]

1. e4 e6 2. d4 d5 3. Nd2 dxe4 4. Nxe4 Nd7 5. Nf3 Ngf6 6. Nxf6+ Nxf6 7. Bd3 b6 8. Ne5 Bb7 9. Bb5+ c6 10. Qf3 cxb5 11. Qxb7 Rc8 12. Qxf7# 1-0

[Event "POL-chT U19 2nd League"]
[Site "Iwonicz"]
[Date "2015.08.01"]
[Round "10.69"]
[White "Slonina, Adam"]
[Black "Oles, Martin"]
[Result "0-1"]
[WhiteElo "1295"]
[BlackElo "1364"]
[PlyCount "68"]
[EventDate "2015.07.25"]
[EventType "team-swiss"]
[EventRounds "11"]
[EventCountry "POL"]
[SourceTitle "EXT 2019"]
[Source "ChessBase"]
[SourceDate "2018.10.10"]
[SourceVersion "1"]
[SourceVersionDate "2018.10.10"]
[SourceQuality "1"]
[WhiteTeam "Wielun UKS Piatka U19"]
[BlackTeam "Rybnik MKSz U19 II"]
[WhiteTeamCountry "POL"]
[BlackTeamCountry "POL"]

1. e4 c5 2. Nc3 Nc6 3. g3 d6 4. Bg2 g6 5. d3 Bg7 6. Be3 Rb8 7. Qd2 b5 8. 0-0-0 b4 9. Nce2 Qa5 10. Kb1 Be6 11. Nc1 Rb6 12. e5 Bxe5 13. Bxc6+ Rxc6 14. d4 Bxa2+ 15. Nxa2 Ra6 16. c3 Qxa2+ 17. Kc2 cxd4 18. Bxd4 b3+ 19. Kd3 Bxd4 20. cxd4 Qa4 21. Qc3 Rc6 22. Qd2 Qb5+ 23. Ke3 Rc2 24. Qd3 Qxd3+ 25. Rxd3 Rxb2 26. Kf3 Rb1 27. h3 a5 28. Kg2 b2 29. Rb3 a4 30. Rb4 a3 31. Ra4 Ra1 32. d5 b1Q 33. Ra8+ Kd7 34. Ra7+ Kc8 0-1

[Event "POL-chT U19 2nd League"]
[Site "Iwonicz"]
[Date "2015.08.01"]
[Round "7.63"]
[White "Slonina, Adam"]
[Black "Ulatowski, Jakub"]
[Result "1/2-1/2"]
[WhiteElo "1295"]
[BlackElo "1507"]
[PlyCount "116"]
[EventDate "2015.07.25"]
[EventType "team-swiss"]
[EventRounds "11"]
[EventCountry "POL"]
[SourceTitle "EXT 2019"]
[Source "ChessBase"]
[SourceDate "2018.10.10"]
[SourceVersion "1"]
[SourceVersionDate "2018.10.10"]
[SourceQuality "1"]
[WhiteTeam "Wielun UKS Piatka U19"]
[BlackTeam "Gliwice Akademia Szachowa U19"]
[WhiteTeamCountry "POL"]
[BlackTeamCountry "POL"]

1. e4 c5 2. Nc3 Nc6 3. g3 g6 4. Bg2 Bg7 5. d3 Nf6 6. Be3 d6 7. Qd2 Ng4 8. h4 Nxe3 9. Qxe3 Qb6 10. Qc1 Qb4 11. Nge2 Nd4 12. a3 Qa5 13. Qd2 Nxe2 14. Kxe2 0-0 15. f4 Bg4+ 16. Bf3 Bxf3+ 17. Kxf3 f5 18. Rad1 e5 19. Rhf1 Bh6 20. Kg2 Qd8 21. Nd5 exf4 22. Nxf4 fxe4 23. dxe4 Qe7 24. Qd5+ Kh8 25. Ne6 Rxf1 26. Rxf1 Re8 27. Nf4 Qxe4+ 28. Qxe4 Rxe4 29. Rf2 Kg8 30. Nd5 Bg7 31. c3 Re5 32. Nf4 Bh6 33. Kh3 Kg7 34. Kg2 Re3 35. Nd5 Rd3 36. Nc7 Rd2 37. Rxd2 Bxd2 38. Ne8+ Kf8 39. Nxd6 b6 40. a4 Bc1 41. b4 cxb4 42. cxb4 Ba3 43. Nc8 Bxb4 44. Nxa7 Ke8 45. Kf3 Kd7 46. g4 Kd6 47. Ke3 Kc5 48. Nc8 Ba5 49. Kd3 Kb4 50. Nxb6 Bxb6 51. Ke4 Bc7 52. h5 Kxa4 53. Kd5 Kb5 54. Ke6 Kc6 55. hxg6 hxg6 56. Kf6 Bd8+ 57. Kxg6 Kd6 58. g5 Bxg5 1/2-1/2

[Event "POL-chT U19 2nd League"]
[Site "Iwonicz"]
[Date "2015.08.01"]
[Round "5.93"]
[White "Walkowski, Jonasz"]
[Black "Slonina, Adam"]
[Result "1-0"]
[WhiteElo "1406"]
[BlackElo "1295"]
[PlyCount "93"]
[EventDate "2015.07.25"]
[EventType "team-swiss"]
[EventRounds "11"]
[EventCountry "POL"]
[SourceTitle "EXT 2019"]
[Source "ChessBase"]
[SourceDate "2018.10.10"]
[SourceVersion "1"]
[SourceVersionDate "2018.10.10"]
[SourceQuality "1"]
[WhiteTeam "Wloszakowice UKS ZSO U19"]
[BlackTeam "Wielun UKS Piatka U19"]
[WhiteTeamCountry "POL"]
[BlackTeamCountry "POL"]

1. Nf3 d5 2. e3 c5 3. b3 e6 4. Bb2 Nf6 5. d3 Nc6 6. Nbd2 Be7 7. Be2 0-0 8. 0-0 Ne8 9. c4 Bf6 10. Bxf6 Qxf6 11. a3 Nc7 12. Qc2 Qg6 13. Qc3 f5 14. cxd5 exd5 15. Rfe1 Qd6 16. Rac1 b6 17. d4 Ne6 18. dxc5 bxc5 19. Red1 Bb7 20. Nc4 Qd8 21. Nce5 Ne7 22. b4 c4 23. Nxc4 Ba6 24. Qb2 Rc8 25. Nce5 Bxe2 26. Qxe2 Qd6 27. Qd2 Ng5 28. Nxg5 Qxe5 29. Nf3 Qe4 30. Qd4 Qxd4 31. Nxd4 Kf7 32. g3 g5 33. Nb5 Rxc1 34. Rxc1 a6 35. Nd4 Kf6 36. Kg2 g4 37. Rc7 Rd8 38. a4 h5 39. f4 Rb8 40. b5 axb5 41. axb5 Nc8 42. Rc6+ Ke7 43. Nxf5+ Kf7 44. Nd4 Ke7 45. Rh6 Nd6 46. Nc6+ Kd7 47. Nxb8+ 1-0